Case Studies in Purchasing and Supply. (Record no. 2565)

MARC details
005 - DATE AND TIME OF LATEST TRANSACTION
control field 20250523115848.0
020 ## - INTERNATIONAL STANDARD BOOK NUMBER
International Standard Book Number 0-900607-29-7
082 ## - DEWEY DECIMAL CLASSIFICATION NUMBER
Classification number 658.72 STE
245 ## - TITLE STATEMENT
Title Case Studies in Purchasing and Supply.
260 ## - PUBLICATION, DISTRIBUTION, ETC.
Place of publication, distribution, etc. Britain,
Name of publisher, distributor, etc. Institute of Purchasing and Supply,
Date of publication, distribution, etc. 1985.
300 ## - PHYSICAL DESCRIPTION
Extent xviii, 87p.: ill.;
Dimensions 21cm.
700 ## - ADDED ENTRY--PERSONAL NAME
Other authors/Editors STEVENS, J. M.
942 ## - ADDED ENTRY ELEMENTS (KOHA)
Source of classification or shelving scheme Dewey Decimal Classification
Koha item type Books
Holdings
Date last seen Total checkouts Full call number Barcode Cost, replacement price Price effective from Koha item type Lost status Source of classification or shelving scheme Damaged status Not for loan Withdrawn status Home library Current library Shelving location Date acquired Cost, normal purchase price
05/23/2025   658.72 STE 0000009676 30000.00 05/23/2025 Books   Dewey Decimal Classification       College of Business Education Main Library College of Business Education Main Library General Collection 07/04/1991 10000.00
06/02/2025   658.72 STE 00000010657 30000.00 06/02/2025 Books   Dewey Decimal Classification       College of Business Education Main Library College of Business Education Main Library General Collection 07/04/1991 10000.00
06/02/2025   658.72 STE 00000010658 30000.00 06/02/2025 Books   Dewey Decimal Classification       College of Business Education Main Library College of Business Education Main Library General Collection 07/04/1991 10000.00